| 000 | 00593nam a2200181Ia 4500 | ||
|---|---|---|---|
| 008 | 240729s9999 xx 000 0 und d | ||
| 022 | _a2821-0131 | ||
| 245 | 0 | _aTransactions on Fuzzy Sets and Systems | |
| 260 | _aIran, Islamic Republic of | ||
| 260 | _bIslamic Azad University, Bandar Abbas Branch | ||
| 650 | _a Applied mathematics. Quantitative methods | ||
| 650 | _a Industrial engineering. Management engineering | ||
| 650 | _a Technology (General) | ||
| 650 | _aTechnology | ||
| 856 | _uhttps://doaj.org/toc/ec6fb797ae114c90aa96541ab3a950e5 | ||
| 942 | _2ddc | ||
| 942 | _cDOAJEJ | ||
| 999 |
_c68932 _d68932 |
||
| 945 |
_a1 _bMadushi Gamage _c1 _dMadushi Gamage |
||